00441nam a2200133Ia 4500008004100000020001400041040004400055100002000099245004400119260005200163300002700215500005000242999001500292180412s9999||||xx |||||||||||||| ||und|| a851982573 aAhmadu Bello University Library - Zaria aBard, Janina H. 0aAnthelmintic Indexcby Janina H. Bard aEnglandbCommonwealth Agricalral Bureuauxc1972 aix, 71p.; ill., tables aIncludes bibliographical references and index c2527d2527